| 000 | 01919nam a2200325 a 4500 | ||
|---|---|---|---|
| 001 | BRCA_4945 | ||
| 005 | 20190320204854.0 | ||
| 008 | 211010s1835----mx-####f#v---#000-0#spa-# | ||
| 041 | _aspa | ||
| 044 | _amx | ||
| 084 |
_aDOC40 _b.L67 _c1835 |
||
| 100 | 1 |
_aLópez de Santa Anna, Antonio _d1794-1876 _912561 |
|
| 245 | 1 | 0 |
_aDocumento firmado por el Presidente de los Estados Unidos Mexicanos Antonio López de Santa Anna _cAntonio López de Santa Anna, Don Domingo Andrés, José María Tornel. |
| 260 |
_aMéxico _c1835 |
||
| 300 |
_a[2] fojas _c31 x 21 cm |
||
| 500 | _aDocumento firmado el 15 de febrero de 1835 | ||
| 500 | _aDiploma impreso de la medalla concedida al 1er Ayudante de Batallón de Abasolo Don Domingo Andrés por la gloriosa jornada de Tampico contra los españoles invasores. Dado en México el 15 de febrero de 1835. Firmas autógrafas de Antonio López de Santa Anna y José María Tornel | ||
| 500 | _aEn la parte superior: SELLO SEGUNDO DOCE REALES para los años de mil ochocientos treinta y cuatro y ochocientos treita y cinco y sello oficial grabado con el águila Real Republicana. Encabezado: EL C. ANTONIO LÓPEZ DE SANTA ANNA. General de división, Presidente de los Estados Unidos Mexicanos y Benemérito de la Patria | ||
| 500 | _aEl documento tiene la leyenda DOC. #49 | ||
| 500 | _aPapel con marca de agua | ||
| 500 | _aEstado de conservación: Contiene manchas de acidificación | ||
| 506 | 0 | _aFondo reservado: para su consulta es necesario credencial de usuario y carta de motivos | |
| 546 | _aTexto en: español de principios del siglo XIX | ||
| 600 | 1 | 4 |
_aLópez de Santa Anna, Antonio _d1794-1876 _yHistoria _zMéxico _912562 |
| 651 | 4 |
_aMéxico _vImpreso con rúbricas _xHistoria _yFederalismo y centralismo, 1824-1853 _912485 |
|
| 700 | 1 |
_aAndrés, Domingo _912563 |
|
| 700 | 1 |
_aTornel y Mendivil, José María _d1789-1853 _912564 |
|
| 902 | _aFDH | ||
| 942 |
_2lcc _cD |
||
| 999 |
_c4639 _d4639 |
||